[Event "33rd Open"]
[Site "Sitges ESP"]
[Date "2007.07.19"]
[Round "2"]
[White "Hutchinson,N"]
[Black "Cuijpers,F"]
[Result "0-1"]
[WhiteElo "2079"]
[BlackElo "2484"]

1.e4 g6 2.d4 Bg7 3.Nc3 d6 4.f4 Nf6 5.Nf3 O-O 6.Bd3 Na6 7.O-O c5 8.d5 Bg4
9.Bc4 Nc7 10.h3 Bxf3 11.Qxf3 a6 12.a4 b6 13.Be3 Rb8 14.Rad1 b5 15.Be2 bxa4
16.Nxa4 Rb4 17.Nxc5 dxc5 18.Bxc5 Rxe4 19.d6 exd6 20.Rxd6 Qa8 21.Bd3 Rfe8
22.f5 R4e5 23.Qxa8 Rxa8 24.Rc6 Nfe8 25.fxg6 hxg6 26.Bd6 Nxd6 27.Rxc7 Re6
28.b3 a5 29.Rf4 Rae8 30.Ra4 Nf5 31.Bxf5 gxf5 32.Rc5 Rd8 33.Rxf5 Rd1+ 34.Kf2 Rd2+
35.Kf3 Rxc2 36.Rfxa5 Rc3+ 37.Kf2 Rxb3 38.Ra8+ Kh7 39.Rh4+ Rh6 40.Rxh6+ Bxh6
41.Ra4 Kg6 42.Rg4+ Kf5 43.Ke2 Bf4 44.Kf2 Ra3 45.Rg7 f6 46.Rg8 Bg5 47.g3 Be3+
48.Kg2 Bd4 49.Rg4 Ra2+ 50.Kf1 Be5 51.Kg1 Ke6 52.Kf1 Rh2 53.h4 Kf5 54.Rg8 Ke4
55.Ra8 Kf3  0-1

[Event "Campeonato Continental Absolut"]
[Site "Cali COL"]
[Date "2007.07.20"]
[Round "11"]
[White "Paez,D"]
[Black "Juarez Flores,R"]
[Result "1-0"]
[WhiteElo "2048"]
[BlackElo "2177"]

1.e4 g6 2.d4 Bg7 3.Nc3 d6 4.Be3 c6 5.f3 b5 6.Qd2 Nd7 7.g4 Qa5 8.h4 Rb8 9.h5 Nb6
10.h6 Bf8 11.d5 c5 12.Nxb5 Qxd2+ 13.Bxd2 Nf6 14.Nxa7 e5 15.Nxc8 Nxc8 16.b3 Be7
17.a4 O-O 18.Ne2 Ne8 19.Nc3 Nc7 20.Nb5 Nxb5 21.Bxb5 Na7 22.c4 Bd8 23.Ke2 Be7
24.Kd3 f6 25.Rhb1 Rb7 26.a5 Nxb5 27.cxb5 Rxb5 28.Kc4 Rbb8 29.a6 Rfc8 30.a7 Ra8
31.Ra6 g5 32.Rba1 Kf8 33.Rc6 Rd8 34.Rc7 Ke8 35.Kb5 Rd7 36.Kc6 Rdd8 37.Ba5  1-0

[Event "Najdorf Mem GpA"]
[Site "Grodzisk Mazowiecki POL"]
[Date "2007.07.20"]
[Round "1"]
[White "Lapinski,K"]
[Black "Socko,M"]
[Result "0-1"]
[WhiteElo "2175"]
[BlackElo "2479"]

1.e4 g6 2.d4 d6 3.Nc3 Bg7 4.f4 Nf6 5.Nf3 O-O 6.Bd3 Na6 7.O-O c5 8.d5 Rb8
9.Qe2 Nc7 10.a4 a6 11.a5 b5 12.axb6 Rxb6 13.Bc4 e6 14.dxe6 Bxe6 15.Bxe6 fxe6
16.e5 Nfd5 17.Ne4 Nxf4 18.Bxf4 Rxf4 19.exd6 Nb5 20.c3 Rf5 21.Nfg5 Nxd6 22.Nxe6 Qe7
23.Rxf5 Nxf5 24.N6xc5 Bh6 25.Qc4+ Kg7 26.b4 Be3+ 27.Kh1 Qh4 28.Qd5 Bf4 29.g3 Bxg3
30.Nxg3 Nxg3+ 31.Kg2 Nf5 32.Qe4 Qf6 33.Rd1 Qg5+ 34.Kh1 Ng3+ 35.hxg3 Qh5+
36.Kg2 Qxd1 37.Qe7+ Kh6 38.Qh4+ Qh5 39.Qf4+ Qg5 40.Qf8+ Kh5 41.Ne4 Qf5 42.Qe7 g5
43.Qe8+ Kh6 44.Nf2 Re6 45.Qd7 Kg6 46.g4 Qe5 47.Qd3+ Kg7 48.Qd7+ Re7 49.Qd3 Qf6
50.Qc4 Rf7 51.Qc5 h6 52.Qe3 Qf4 53.Qe2 Rc7 54.Qxa6 Rxc3 55.Qa7+ Rc7 56.Qa1+ Qf6
57.Qe1 Qc6+ 58.Kh2 Qd6+ 59.Kg2 Qd5+ 60.Kh2 Rf7 61.Kg1 Qd6 62.Kg2 Re7 63.Qc3+ Qe5
64.Qd2 Rf7 65.Qd3 Qb2 66.Qd2 Qe5  0-1

[Event "XII Open"]
[Site "Balaguer ESP"]
[Date "2007.07.21"]
[Round "6"]
[White "Aloma Vidal,R"]
[Black "Flores,Di"]
[Result "0-1"]
[WhiteElo "2341"]
[BlackElo "2560"]

1.d4 g6 2.e4 Bg7 3.Nc3 d6 4.Bg5 c6 5.Nf3 Qb6 6.a3 Bg4 7.Bc4 Qxb2 8.Bd2 Bxf3
9.gxf3 Qb6 10.Be3 Nf6 11.O-O O-O 12.e5 Ne8 13.f4 Qc7 14.Bd3 c5 15.exd6 Nxd6
16.dxc5 Bxc3 17.cxd6 Qxd6 18.Rb1 Qc7 19.Rb5 Nc6 20.Qf3 Rad8 21.Rfb1 b6 22.Rg5 Bf6
23.Rg4 e6 24.h4 Ne7 25.h5 Nf5 26.Rb5 Rxd3 27.cxd3 Rd8 28.hxg6 hxg6 29.Qe2 Qc3
30.Rb1 Rxd3 31.Rc1 Rxe3 32.Qxe3 Nxe3 33.Rxc3 Nxg4  0-1

[Event "Najdorf Mem GpA"]
[Site "Grodzisk Mazowiecki POL"]
[Date "2007.07.21"]
[Round "2"]
[White "Piorun,K"]
[Black "Onischuk,V"]
[Result "1/2-1/2"]
[WhiteElo "2359"]
[BlackElo "2506"]

1.e4 g6 2.d4 Bg7 3.Nc3 d6 4.f4 Nf6 5.Nf3 O-O 6.Bd3 Na6 7.O-O c5 8.d5 Bg4
9.h3 Bxf3 10.Qxf3 Nc7 11.Bc4 Nd7 12.a4 a6 13.a5 b5 14.axb6 Nxb6 15.Be2 Qd7
16.Be3 a5 17.Rfd1 a4 18.Bf2 Rfb8 19.Ra2 Nc8 20.e5 Rb4 21.e6 Qe8 22.f5 Nb6
23.Bg3 gxf5 24.Bd3 fxe6 25.dxe6 f4 26.Bxf4 Nxe6 27.Bd2 Rh4 28.Qg3 Rh5 29.Re1 Nd4
30.Qg4 Kh8 31.Rxe7 Qxe7 32.Qxh5 Be5 33.Ra1 Nd7 34.Rf1 Rf8 35.Rxf8+ Nxf8 36.Nd5 Qe6
37.Nf4 Bxf4 38.Bxf4 c4 39.Bf1 Ng6 40.Bd2 Kg8 41.Qd1 d5 42.Bc1 Qe4 43.c3 Nb3
44.Bg5 Nc5 45.Be2 Nd3 46.Bf3 Qe5 47.Qd2 Kf7 48.Be3 Nh4 49.Be2 Nf5 50.Bf2 Nf4
51.Bf1 Ke6 52.g4 Ne7 53.Bg3 Neg6 54.h4 Kd6 55.Kh2 h5 56.gxh5 Qxh5 57.Bxf4+ Kc6
58.Bg3 Nxh4 59.Bxh4 Qxh4+ 60.Kg1 Qg3+ 61.Bg2 Qe5 62.Kf1 Kc5 63.Qf2+ Kc6 64.Bf3 a3
65.bxa3 Qxc3 66.Qe2 Qxa3 67.Qe8+ Kc7 68.Qf7+ Kb6 69.Qe6+ Kc7 70.Bxd5 Qd6
71.Qf7+ Kb6 72.Qf2+ Kb5 73.Qb2+  1/2-1/2

[Event "Czech Open GMA"]
[Site "Pardubice CZE"]
[Date "2007.07.21"]
[Round "2"]
[White "Varitski,I"]
[Black "Haub,TM"]
[Result "0-1"]
[WhiteElo "2310"]
[BlackElo "2466"]

1.e4 g6 2.d4 Bg7 3.Nc3 d6 4.Be3 a6 5.Qd2 Nd7 6.f3 h6 7.Nge2 e6 8.g4 b5 9.Bg2 Ne7
10.Ng3 d5 11.O-O Bb7 12.Rae1 Nb6 13.b3 Qd7 14.e5 O-O-O 15.a4 bxa4 16.Nxa4 Nxa4
17.bxa4 c5 18.f4 h5 19.Rb1 c4 20.Rb4 Kc7 21.Rfb1 Rb8 22.f5 Nc6 23.Rb6 h4
24.Ne2 h3 25.Bf3 gxf5 26.gxf5 Bf8 27.Ng3 a5 28.c3 Ba3 29.Nh5 Ne7 30.Nf6 Qc8
31.fxe6 fxe6 32.Qa2 Bb4 33.Rd6 Bxc3 34.Rd7+ Qxd7 35.Nxd7 Kxd7 36.Qa3 Bb4
37.Rxb4 axb4 38.Qxb4 Nf5 39.Qd2 Bc6 40.Bg5 Rhg8 41.Bg4 c3 42.Qf4 Rbf8  0-1

[Event "Czech Open GMA"]
[Site "Pardubice CZE"]
[Date "2007.07.21"]
[Round "2"]
[White "Jasny,S"]
[Black "Thiede,L"]
[Result "1/2-1/2"]
[WhiteElo "2342"]
[BlackElo "2489"]

1.e4 g6 2.d4 Bg7 3.Nc3 d6 4.Be3 a6 5.Qd2 Nd7 6.a4 Ngf6 7.Nf3 Ng4 8.Bg5 h6
9.Bh4 c5 10.h3 cxd4 11.Nxd4 Ngf6 12.Nb3 b6 13.Bd3 Bb7 14.O-O O-O 15.Rae1 Qc7
16.f4 e5 17.f5 g5 18.Bf2 d5 19.Nxd5 Nxd5 20.exd5 Bxd5 21.Bg3 Bf6 22.Qe2 Qb7
23.Nd2 Nc5 24.Ne4 Nxe4 25.Bxe4 b5 26.Qf3 Rfd8 27.Bxd5 Qxd5 28.Qxd5 Rxd5 29.Re4 Rc8
30.c3 Rc4 31.Rfe1 Rxa4 32.Rxa4 bxa4 33.Ra1 Ra5 34.Be1 a3 35.Rxa3 Rxa3 36.bxa3 Be7
37.a4 Bc5+ 38.Kf1 Kf8 39.Ke2 Ke7 40.Kd3 Kd6 41.Ke4 f6 42.g4 Bg1 43.h4 Kc5
44.Kd3 Kd5 45.c4+ Kc6 46.h5 Bb6 47.Bb4 Bc5 48.Bd2 Bb6 49.Ke4 a5  1/2-1/2

[Event "Czech Open GMA"]
[Site "Pardubice CZE"]
[Date "2007.07.21"]
[Round "2"]
[White "Shevtsov,N"]
[Black "Novikov,St"]
[Result "1-0"]
[WhiteElo "2400"]
[BlackElo "2562"]

1.e4 d6 2.d4 g6 3.Nc3 Bg7 4.Nf3 a6 5.a4 Bg4 6.Be2 Nc6 7.d5 Nb4 8.Be3 a5 9.O-O Nf6
10.h3 Bxf3 11.Bxf3 c6 12.Ne2 Nd7 13.c3 Na6 14.Nd4 Rc8 15.Rb1 O-O 16.h4 Ne5
17.Be2 Nc5 18.f3 cxd5 19.exd5 Ncd7 20.Qb3 Nf6 21.Nb5 Qd7 22.Rbd1 Nh5 23.Na7 Ra8
24.Kh2 Qf5 25.g3 Bf6 26.Nb5 Nd7 27.Qc2 Qe5 28.Bf2 Nb6 29.Qe4 Qxe4 30.fxe4 Nxa4
31.Ra1 Nc5 32.Bxc5 dxc5 33.Bxh5 gxh5 34.Rf5  1-0

[Event "1st LCT"]
[Site "Leiden NED"]
[Date "2007.07.22"]
[Round "9"]
[White "Van den Doel,E"]
[Black "Nicholson,JG"]
[Result "1-0"]
[WhiteElo "2587"]
[BlackElo "2140"]

1.e4 g6 2.d4 Bg7 3.Nc3 d6 4.Be3 a6 5.Qd2 Nd7 6.h4 h5 7.Nh3 b5 8.a4 b4 9.Nd1 c5
10.Bc4 cxd4 11.Bxd4 Ngf6 12.Ng5 O-O 13.Qxb4 Rb8 14.Qd2 Bb7 15.Nc3 Qc7 16.b3 Ne5
17.Bxe5 dxe5 18.O-O Rbd8 19.Qe2 Rd4 20.f3 Qc5 21.Qf2 e6 22.Ne2 Rxc4 23.bxc4 Qxc4
24.Nc1 Rc8 25.Nd3 Nd7 26.Rab1 Rc7 27.a5 Bf8 28.Kh1 f6 29.Nh3 Bc6 30.Qg3 Kh7
31.f4 exf4 32.Rxf4 e5 33.Rxf6 Nxf6 34.Nxe5 Qg8 35.Ng5+ Kh8 36.Qc3 Qg7 37.Nxc6  1-0

[Event "11th Festival Open A"]
[Site "Senta SRB"]
[Date "2007.07.22"]
[Round "2"]
[White "Simic,Ze"]
[Black "Solomunovic,I"]
[Result "0-1"]
[WhiteElo "2251"]
[BlackElo "2396"]

1.e4 g6 2.d4 Bg7 3.Nc3 d6 4.f4 Nf6 5.Nf3 O-O 6.Be3 b6 7.Bd3 c5 8.dxc5 bxc5
9.e5 Ng4 10.Bg1 Nc6 11.h3 Nh6 12.Be4 Bb7 13.Qe2 Qa5 14.Nd2 Nd4 15.Bxd4 cxd4
16.Nc4 Qa6 17.Nd5 Bxd5 18.Bxd5 Rac8 19.b3 Nf5 20.Kf2 dxe5 21.fxe5 Ne3 22.Nxe3 dxe3+
23.Kxe3 Qb6+ 24.Ke4 e6 25.Bc4 Rc5  0-1

[Event "Sun Pawn B"]
[Site "Ilichevsk UKR"]
[Date "2007.07.23"]
[Round "4"]
[White "Romcovici,V"]
[Black "Vavric,P"]
[Result "1-0"]
[WhiteElo "2232"]
[BlackElo "2201"]

1.d4 g6 2.e4 Bg7 3.Nc3 d6 4.f4 c6 5.Nf3 b5 6.a3 Qb6 7.e5 Bg4 8.Be2 Nh6 9.Be3 Nd7
10.Bf2 d5 11.h3 Bxf3 12.Bxf3 f5 13.a4 b4 14.a5 Qc7 15.Ne2 O-O 16.Nc1 e6 17.Nb3 Rfb8
18.h4 Nf7 19.h5 g5 20.fxg5 Nxg5 21.h6 Bf8 22.Qd2 Be7 23.Be3 Qd8 24.O-O-O Kh8
25.Rh5 Nxf3 26.gxf3 Qe8 27.Rdh1 Qf7 28.Bg5 Rg8 29.f4 Rg6 30.Kb1 Rb8 31.Qe2 Bxg5
32.fxg5 Rbg8 33.Rg1 f4 34.Nd2 c5 35.Nf3 Rf8 36.Qd2 Rgg8 37.Rh4 Qf5 38.Rgg4 b3
39.Rxf4 Qg6 40.Qd3 Qxd3 41.cxd3 cxd4 42.Nxd4 Rxg5 43.Nxb3 Rxe5 44.Rb4 Re2
45.Rb7 Ne5 46.Nc5 Nc6 47.a6 d4 48.Re4 Rh2 49.Rxe6 Nd8 50.Ree7 Nxb7 51.axb7 Rxh6
52.Rc7 Rd6 53.Nd7 Rg8 54.Rc8  1-0

[Event "Quebec Open"]
[Site "Montreal CAN"]
[Date "2007.07.23"]
[Round "4"]
[White "Jiang,L"]
[Black "Yoos,J"]
[Result "1/2-1/2"]
[WhiteElo "2072"]
[BlackElo "2369"]

1.e4 g6 2.d4 d6 3.Nc3 Bg7 4.Be3 a6 5.h3 b5 6.a3 Bb7 7.Nf3 Nd7 8.d5 c6 9.Bd4 Ngf6
10.dxc6 Bxc6 11.Bd3 O-O 12.O-O Qc7 13.Re1 Qb7 14.Nd2 e5 15.Be3 d5 16.exd5 Nxd5
17.Nxd5 Bxd5 18.f3 Nb6 19.b3 f5 20.Rb1 Bc6 21.c4 Rad8 22.Qe2 Na8 23.b4 Qd7  1/2-1/2

[Event "XII Open"]
[Site "Balaguer ESP"]
[Date "2007.07.24"]
[Round "9"]
[White "Aroshidze,L"]
[Black "Flores,Di"]
[Result "1-0"]
[WhiteElo "2470"]
[BlackElo "2560"]

1.e4 g6 2.d4 Bg7 3.Nc3 d6 4.Bg5 a6 5.Nf3 b5 6.Bd3 Nd7 7.a4 b4 8.Ne2 Bb7 9.O-O Ngf6
10.Ng3 O-O 11.Re1 c5 12.c3 cxd4 13.cxd4 e5 14.Qd2 exd4 15.Nxd4 Re8 16.Rad1 Nc5
17.Qf4 Re5 18.Nf3 Ne6 19.Qd2 Nxg5 20.Nxe5 Bh6 21.Qxb4 Rb8 22.Nc4 d5 23.exd5 Nxd5
24.Qd6 Qc8 25.Bf5 Qf8 26.Rxd5 Bxd5 27.Qxd5 Qb4 28.Rd1 gxf5 29.Nxf5 Bf8 30.Nd4 Qc5
31.Nc6 Rc8 32.Qxc5 Bxc5 33.Rd5 Rxc6 34.Rxg5+ Kf8 35.b3 Bb4 36.g3 h6 37.Re5 Rc7
38.Kg2 Rd7 39.Kf3 Rd4 40.h4 Rd1 41.Re2 Bc5 42.Rd2 Rc1 43.Rd3 Rc2 44.Ne3 Rb2
45.h5 Ke7 46.Rc3 Bxe3 47.Kxe3 Kf6 48.f3 Kg5 49.Rc5+ f5 50.g4 Rxb3+ 51.Kf2 Kh4
52.Rxf5 Rb2+ 53.Ke3 Kg3 54.a5 Rb4 55.Rf6 Rb3+ 56.Kd4 Rb4+ 57.Kc3 Rb5 58.Rf5 Rb1
59.Kc4 Ra1 60.Kb4 Rc1 61.Rf6 Rb1+ 62.Kc4 Ra1 63.Rxh6 Kxf3 64.Rg6 Kf4 65.h6 Ke5
66.h7 Rc1+ 67.Kb4 Rh1 68.Rg5+  1-0

[Event "ch-ITA U20"]
[Site "Fiuggi ITA"]
[Date "2007.07.24"]
[Round "7"]
[White "Frilli,G"]
[Black "Ronchetti,N"]
[Result "0-1"]
[WhiteElo "2168"]
[BlackElo "2410"]

1.e4 g6 2.d4 Bg7 3.Nc3 d6 4.Be3 a6 5.a4 Nf6 6.h3 c5 7.Nge2 cxd4 8.Nxd4 O-O
9.g3 d5 10.e5 Ne4 11.Nxe4 dxe4 12.e6 f5 13.Bc4 Qc7 14.Qe2 Nc6 15.Rd1 Nxd4
16.Bxd4 Bxd4 17.Rxd4 Qb6 18.c3 Bxe6 19.g4 Kh8 20.gxf5 gxf5 21.Bxe6 Qxe6 22.Qc4 Qh6
23.Qb4 e3 24.Rd7 e5 25.Qc5 exf2+ 26.Kxf2 Rae8 27.Rg1 Qh4+ 28.Ke2 f4 29.Rgg7 f3+
30.Kd1 f2  0-1

[Event "MTO"]
[Site "Biel SUI"]
[Date "2007.07.25"]
[Round "3"]
[White "Hakimifard,G"]
[Black "Cherniaev,A1"]
[Result "0-1"]
[WhiteElo "2018"]
[BlackElo "2501"]

1.e4 g6 2.d4 Bg7 3.Nc3 d6 4.f4 Nf6 5.Nf3 O-O 6.Bd3 Na6 7.O-O c5 8.d5 Bg4
9.h3 Bxf3 10.Qxf3 Nc7 11.Bd2 a6 12.a4 Rb8 13.a5 Nd7 14.Qe2 e6 15.Bc4 b5 16.axb6 Nxb6
17.Bxa6 exd5 18.exd5 Nbxd5 19.Bc4 Nb4 20.Bb3 d5 21.f5 c4 22.Ba4 gxf5 23.Rxf5 Ne6
24.Qg4 Qb6+ 25.Kh1 Qd4 26.Qxd4 Nxd4 27.Rf2 Ndxc2 28.Bxc2 Nxc2 29.Ra5 d4 30.Na4 Nb4
31.Nc5 Nc6 32.Ra6 Rfc8 33.Bf4 Ra8 34.Rb6 d3 35.Be3 Nd4 36.Ne4 Nc2 37.Bc5 Rxc5
38.Nxc5 Bd4 39.Rbf6 Ra1+  0-1

[Event "MTO"]
[Site "Biel SUI"]
[Date "2007.07.25"]
[Round "3"]
[White "Maze,S"]
[Black "Meenakshi,Sub"]
[Result "1-0"]
[WhiteElo "2530"]
[BlackElo "2327"]

1.e4 g6 2.d4 Bg7 3.Nc3 d6 4.Be3 a6 5.h4 h5 6.Nh3 b5 7.Ng5 Bb7 8.a4 b4 9.Nd5 Nf6
10.Nxb4 Bxe4 11.Nxe4 Nxe4 12.Bc4 c6 13.a5 O-O 14.Bd3 Nf6 15.c3 Ng4 16.Bg5 Ra7
17.Be4 c5 18.dxc5 dxc5 19.Qxd8 Rxd8 20.Nd5 f6 21.Be3 Nxe3 22.Nxe3 Kf7 23.Rd1 Rxd1+
24.Kxd1 e6 25.Kc2 Bf8 26.Nc4 Be7 27.g3 f5 28.Bg2 Kf6 29.f4 Nc6 30.Rd1 e5
31.Nb6 Nb8 32.Nd5+ Ke6 33.fxe5 Kxe5 34.Re1+ Kd6 35.Nf4 g5 36.Re6+ Kd7 37.hxg5 Bxg5
38.Rg6 Bd8 39.Bh3 Nc6 40.Bxf5+ Kc7 41.Ne6+  1-0

[Event "IMA"]
[Site "Dimitrov RUS"]
[Date "2007.07.25"]
[Round "6"]
[White "Skurygin,A"]
[Black "Filatov,D"]
[Result "0-1"]
[WhiteElo "2319"]
[BlackElo "2292"]

1.d4 g6 2.e4 Bg7 3.Nc3 d6 4.Be3 a6 5.a4 Nd7 6.Nf3 c5 7.d5 Ngf6 8.h3 O-O 9.Be2 Ne8
10.O-O Rb8 11.a5 b5 12.axb6 Qxb6 13.Na4 Qb4 14.c3 Qb7 15.Nd2 f5 16.f3 f4
17.Bf2 Ne5 18.Nc4 Nxc4 19.Bxc4 Bd7 20.Ra2 Bb5 21.Be2 Nc7 22.Qc2 Be5 23.Rb1 Bxe2
24.Qxe2 Qb3 25.Rba1 Qb5 26.Qc2 Qc4 27.Qd1 Rb3 28.Qf1 Qxf1+ 29.Kxf1 Rfb8 30.Ke2 Kf7
31.Kd2 g5 32.Kc2 R3b5 33.Rh1 Rg8 34.Raa1 h5 35.Be1 c4 36.Bf2 Rgb8 37.Ba7 R8b7
38.Bf2 Ne8 39.Nb6 R5xb6 40.Bxb6 Rxb6 41.Ra4 e6 42.dxe6+ Kxe6 43.Rxc4 Nf6
44.Rc8 d5 45.exd5+ Nxd5 46.b4 Kf5 47.Kb3 Ne3 48.Ka4 Nxg2 49.Ka5 Re6 50.c4 g4
51.hxg4+ hxg4 52.Rh5+ Kg6 53.fxg4 f3 54.Rg8+ Kf7 55.Ra8 f2 56.Ra7+ Kg6 57.Rh1 Ne3
58.Rxa6 Nxc4+ 59.Kb5 Rxa6 60.Kxa6 Ne3 61.b5 f1=Q 62.Rxf1 Nxf1 63.b6 Ne3 64.Ka7 Nd5
65.b7 Bd4+ 66.Kb8 Be5+ 67.Ka7 Bd4+ 68.Kb8 Kf7 69.Kc8 Ne7+ 70.Kd7 Be5 71.g5 Bf4
72.Kd8 Nc6+ 73.Kc8 Nb8  0-1

[Event "33rd Open"]
[Site "Sitges ESP"]
[Date "2007.07.26"]
[Round "9"]
[White "Fernandez Aguado,E"]
[Black "Pinol Fulgoni,F"]
[Result "1-0"]
[WhiteElo "2365"]
[BlackElo "2274"]

1.e4 g6 2.d4 Bg7 3.Nc3 d6 4.Nf3 Nf6 5.Be2 O-O 6.O-O c6 7.a4 Nbd7 8.Re1 e5
9.Bg5 h6 10.Bh4 Qa5 11.dxe5 dxe5 12.Nd2 Nb6 13.Nb3 Qb4 14.a5 Nbd7 15.f3 Re8
16.Bf2 Bf8 17.Kh1 Nh5 18.Qd2 Qe7 19.Bf1 Qf6 20.Be3 Kh7 21.Qf2 a6 22.Na4 Nf4
23.Rad1 g5 24.Rd2 Qg6 25.Red1 Nf6 26.Nb6 Rb8 27.g3 N4h5 28.Bc5 g4 29.Bxf8 Rxf8
30.Nc5 gxf3 31.Nxc8 Rbxc8 32.Bh3 Nxe4 33.Nxe4 Qxe4 34.Re1 Qb4 35.Bxc8 Rxc8
36.Rxe5 Qxb2 37.Re1 Qc3 38.Rd3 Qxa5 39.Rxf3 Qd5 40.Kg1 Ng7 41.Rxf7 b5 42.Qf6 Qc5+
43.Kf1 Qc4+ 44.Re2 Rg8 45.Qf5+ Kh8 46.Qg6  1-0

[Event "MTO"]
[Site "Biel SUI"]
[Date "2007.07.27"]
[Round "5"]
[White "Klundt,K"]
[Black "Cherniaev,A1"]
[Result "1/2-1/2"]
[WhiteElo "2375"]
[BlackElo "2501"]

1.e4 g6 2.d4 Bg7 3.Nc3 d6 4.Nf3 a6 5.a4 b6 6.Be3 Bb7 7.Bd3 e6 8.Nd2 e5 9.d5 Nd7
10.O-O Ngf6 11.a5 b5 12.Na2 Nc5 13.f3 Nxd3 14.cxd3 c6 15.dxc6 Bxc6 16.Nb4 Bb7
17.d4 exd4 18.Bxd4 Rc8 19.Nb3 O-O 20.Qd2 Qe7 21.Rad1 Qe6 22.Nc1 Rfd8  1/2-1/2

[Event "11th Festival Open A"]
[Site "Senta SRB"]
[Date "2007.07.27"]
[Round "9"]
[White "Telek,G"]
[Black "Balla,Ta"]
[Result "0-1"]
[WhiteElo "2106"]
[BlackElo "2266"]

1.e4 g6 2.d4 Bg7 3.Nc3 d6 4.Be3 a6 5.a4 b6 6.Bc4 Bb7 7.Nf3 e6 8.d5 e5 9.Qd2 Nd7
10.h4 Ngf6 11.Bh6 Bxh6 12.Qxh6 Qe7 13.Qd2 h6 14.Qe2 Nh5 15.g3 f5 16.exf5 gxf5
17.O-O-O Nhf6 18.Rhe1 b5 19.axb5 axb5 20.Bxb5 Ra1+ 21.Kd2 Rxd1+ 22.Kxd1 Nxd5
23.Nxd5 Bxd5 24.Nd4 Qf7 25.Bd3 Kd8 26.Nxf5 Nc5 27.f3 h5 28.Be4 Bc4 29.Qd2 Kd7
30.Ne3 Nxe4 31.fxe4 Qf3+ 32.Kc1 Qxe4 33.b3 Be6 34.Nc4 Qa8 35.Qd3 Bxc4 36.Qxc4 Rf8
37.Kb2 Qc6 38.Qxc6+ Kxc6 39.Rg1 Rg8 40.c4 Kd7 41.Kc3 Ke6 42.Kd3 c6 43.b4 d5
44.cxd5+ cxd5 45.b5 Kd6 46.Ke3 Kc5 47.Kf3 Kxb5 48.g4 hxg4+ 49.Rxg4 e4+ 50.Kf4 Re8
51.Ke3 Kc4 52.Rg7 d4+ 53.Ke2 Ra8 54.Rc7+ Kd5 55.Rd7+ Ke5 56.Kf2 e3+ 57.Kf3 Rf8+
58.Ke2 Rf2+ 59.Kd3 Rd2+ 60.Kc4 Ke4 61.h5 Rc2+ 62.Kb3 Rc6 63.Rg7 e2 64.h6 Kd3
65.Rg3+ Kd2 66.h7 e1=Q 67.Rg2+ Ke3  0-1

[Event "Najdorf Mem GpA"]
[Site "Grodzisk Mazowiecki POL"]
[Date "2007.07.28"]
[Round "9"]
[White "Strzemiecki,Z"]
[Black "Krysztofiak,M"]
[Result "1-0"]
[WhiteElo "2306"]
[BlackElo "2414"]

1.e4 g6 2.d4 Bg7 3.Nc3 d6 4.f4 Nf6 5.Nf3 O-O 6.Bd3 Na6 7.O-O c5 8.d5 Bg4
9.h3 Bxf3 10.Rxf3 Nc7 11.g4 e6 12.dxe6 fxe6 13.Be3 b6 14.f5 Nd7 15.g5 d5
16.f6 d4 17.fxg7 Rxf3 18.Qxf3 dxe3 19.Qxe3 Ne5 20.Rf1 Kxg7 21.Rf6 Qd4 22.Qxd4 cxd4
23.Ne2 h6 24.Nxd4 hxg5 25.Rf1 Rd8 26.Nf3 Nxd3 27.cxd3 Na6 28.d4 Kh6 29.Rc1 Kh5
30.Kf2 g4 31.hxg4+ Kxg4 32.Ke3 Rg8 33.Rg1+ Kh5 34.Ne5 Nc7 35.Rh1+ Kg5 36.Rh7 Ne8
37.Rxa7 Kh4 38.Ra8 g5 39.d5 exd5 40.exd5 g4 41.d6 g3 42.Nf3+ Kh3 43.d7  1-0

[Event "Najdorf Mem GpA"]
[Site "Grodzisk Mazowiecki POL"]
[Date "2007.07.28"]
[Round "9"]
[White "Staroszczyk,M"]
[Black "Tokarski,L"]
[Result "0-1"]
[WhiteElo "2050"]
[BlackElo "2168"]

1.e4 g6 2.d4 Bg7 3.Nc3 d6 4.Be3 a6 5.a4 Nd7 6.Qd2 b6 7.Bc4 Bb7 8.f3 c5 9.Bd5 Bxd5
10.Nxd5 e6 11.Nc3 cxd4 12.Bxd4 Ngf6 13.Rd1 O-O 14.Nge2 Ne5 15.O-O Nc4 16.Qc1 Qc7
17.b3 Ne5 18.Qe3 Rab8 19.Qf2 Rfd8 20.Qh4 Qe7 21.Qh3 Nc6 22.f4 Nxd4 23.Nxd4 Rbc8
24.f5 gxf5 25.exf5 e5 26.Nde2 d5 27.Qd3 Qc5+ 28.Kh1 b5 29.b4 Qxb4 30.Rb1 Qc4
31.axb5 axb5 32.Rxb5 d4 33.Qxc4 Rxc4 34.Nb1 Rxc2 35.Rxe5 d3 36.Nec3 Ng4 37.Rc5 d2
38.Nxd2 Rxc3 39.Rxc3 Bxc3 40.Ne4 Be5 41.g3 Rd4 42.Ng5 f6 43.Nf3 Ra4 44.h3 Ne3
45.Re1 Ra1 46.Rxa1 Bxa1 47.g4 Kf7 48.g5 Nxf5 49.h4 Kg6 50.Kh2 Kh5 51.Kh3 Bc3
52.gxf6 Bxf6 53.Nd2 Bxh4 54.Ne4 Ne7 55.Nd6 Nd5 56.Ne4 Nf4+ 57.Kh2 Kg4 58.Nd6 Bg3+
59.Kh1 h5 60.Ne4 h4 61.Nd2 Nd3 62.Ne4 h3 63.Kg1 Kf4 64.Nf6 Nf2 65.Nh5+ Kf3  0-1

[Event "Czech Open GMA"]
[Site "Pardubice CZE"]
[Date "2007.07.28"]
[Round "9"]
[White "Butkiewicz,L"]
[Black "Onoprienko,V"]
[Result "1-0"]
[WhiteElo "2269"]
[BlackElo "2342"]

1.e4 g6 2.d4 Bg7 3.Nc3 d6 4.f4 Nf6 5.Nf3 O-O 6.Bd3 Na6 7.O-O c5 8.d5 Nc7
9.Qe1 e6 10.dxe6 Bxe6 11.f5 Bd7 12.a4 Bc6 13.Qh4 gxf5 14.exf5 d5 15.Bg5 c4
16.Be2 Qd6 17.Nd4 Rfe8 18.Rad1 Na6 19.Bh6 Bxh6 20.Qxh6 Qe5 21.Rf3 Kh8 22.Rg3 Rg8
23.Re3 Ne4 24.Nxe4 dxe4 25.Nxc6 bxc6 26.Qxc6 Nb4 27.Qxe4 Qc5 28.Qe5+  1-0

[Event "IMA"]
[Site "Dimitrov RUS"]
[Date "2007.07.30"]
[Round "17"]
[White "Kavalenia,L"]
[Black "Filatov,D"]
[Result "1/2-1/2"]
[WhiteElo "2289"]
[BlackElo "2292"]

1.d4 d6 2.Nc3 g6 3.e4 Bg7 4.f4 a6 5.Nf3 b5 6.Bd3 Bb7 7.e5 Nd7 8.Be4 Qc8 9.O-O b4
10.Bxb7 Qxb7 11.Ne2 c5 12.exd6 exd6 13.Re1 Ne7 14.Ng3 Nf6 15.dxc5 dxc5 16.Qd6 Nd5
17.f5 O-O 18.Bg5 Nc8 19.Qxc5 Ncb6 20.f6 Nd7 21.Qf2 N7xf6 22.Ne5 Rfe8 23.Bxf6 Nxf6
24.Nd3 Ng4 25.Qf3 Qxf3 26.Rxe8+ Rxe8 27.gxf3 Bd4+ 28.Kh1 Ne5 29.Nxb4 Bxb2
30.Rb1 Nc4 31.Nxa6 Ra8 32.Nb4 Ra4 33.Nd3 Rxa2 34.Nxb2 Nxb2 35.Re1 Ra3 36.Kg2 Rc3
37.Re2 Nc4 38.Ne4 Rxc2 39.Rxc2 Ne3+ 40.Kg3 Nxc2 41.Kf4 Kg7 42.Ng3 Nd4 43.h4 Kh6
44.Ne4 Ne6+ 45.Ke5 Kg7 46.f4 f5 47.Ng3 Nc5 48.Kd4 Nb3+ 49.Kc3 Na5 50.h5 Kf6
51.hxg6 Kxg6 52.Kd4 h5 53.Ke3 h4 54.Ne2 Kh5 55.Kf3 Nc4 56.Ng1 Nd2+ 57.Ke2 Nb3
58.Kf3 Nd4+ 59.Ke3 Nc2+ 60.Kf3 Nd4+ 61.Ke3 Nb3 62.Kf3 Nd2+ 63.Ke3 Nb1 64.Kf3 Nc3
65.Nh3 Ne4 66.Ng1 Nc5 67.Nh3 Ne6 68.Ng1  1/2-1/2

[Event "Open NK"]
[Site "Dieren NED"]
[Date "2007.07.31"]
[Round "7"]
[White "Sengupta,D"]
[Black "Saravanan,V1"]
[Result "1-0"]
[WhiteElo "2435"]
[BlackElo "2355"]

1.e4 g6 2.d4 Bg7 3.Nc3 d6 4.Nf3 a6 5.Be3 b5 6.Bd3 Bb7 7.O-O Nd7 8.a4 b4 9.Ne2 c5
10.c3 Ngf6 11.Ng3 bxc3 12.bxc3 O-O 13.a5 c4 14.Bxc4 Nxe4 15.Nxe4 Bxe4 16.Ng5 Bc6
17.Qe2 Qc8 18.Rab1 d5 19.Bd3 e5 20.Qa2 h6 21.Nh3 Kh7 22.Rfc1 Qd8 23.f4 exf4
24.Nxf4 Re8 25.Bd2 Qh4 26.Rf1 Nf6 27.Rb6 Bb5 28.Bxb5 axb5 29.Rb7 b4 30.Nxd5 Ng4
31.h3 Re2 32.Rfxf7 Kh8 33.hxg4 Qg3 34.Nf4 Qf2+ 35.Kh2 Qh4+ 36.Nh3 Qxg4 37.Rf2 bxc3
38.Qf7  1-0

[Event "Open NK"]
[Site "Dieren NED"]
[Date "2007.07.31"]
[Round "7"]
[White "Roy Chowdhury,S"]
[Black "Niemi,M"]
[Result "1-0"]
[WhiteElo "2420"]
[BlackElo "2149"]

1.e4 g6 2.d4 Bg7 3.Nc3 d6 4.Be3 c6 5.Nf3 b5 6.Qd2 Nd7 7.a4 b4 8.Ne2 Rb8 9.Ng3 Ngf6
10.Bh6 O-O 11.e5 dxe5 12.Bxg7 Kxg7 13.dxe5 Nd5 14.Bc4 N7b6 15.Bd3 a5 16.Nh5+ gxh5
17.Qg5+ Kh8 18.Qh6 f5 19.Ng5  1-0

[Event "Open NK"]
[Site "Dieren NED"]
[Date "2007.07.31"]
[Round "7"]
[White "Siebrecht,S"]
[Black "Bosboom,M"]
[Result "1-0"]
[WhiteElo "2431"]
[BlackElo "2440"]

1.d4 g6 2.e4 Bg7 3.Nc3 d6 4.Be3 c6 5.Qd2 b5 6.Bd3 a6 7.a4 Bb7 8.Nf3 Nf6 9.Bh6 O-O
10.Bxg7 Kxg7 11.O-O b4 12.Ne2 c5 13.dxc5 dxc5 14.Ng3 Qc7 15.e5 Ng8 16.Be4 Nc6
17.Qe3 Nd8 18.h4 Ne6 19.h5 Rae8 20.hxg6 hxg6 21.Bxb7 Qxb7 22.Ng5 Nxg5 23.Qxg5 Qc8
24.Rae1 f6 25.Qf4 f5 26.Re3 e6 27.Rd1 Rd8 28.Rd6 Rxd6 29.exd6 Nf6 30.Qg5 Rf7
31.Ne2 Nh7 32.Qg3 Nf8 33.Nf4 Qd7 34.Rxe6 Nxe6 35.Qxg6+ Kh8 36.Nxe6 c4 37.g3 Qe8
38.Ng5 Qe1+ 39.Kg2 Rg7 40.Qxf5 Qe8 41.Ne4 Qc6 42.f3 b3 43.Nf6  1-0

[Event "Open NK"]
[Site "Dieren NED"]
[Date "2007.08.01"]
[Round "8"]
[White "Hendriks,W"]
[Black "Saravanan,V1"]
[Result "0-1"]
[WhiteElo "2420"]
[BlackElo "2355"]

1.e4 g6 2.d4 Bg7 3.Nc3 d6 4.Bg5 a6 5.Nf3 h6 6.Be3 e6 7.Bd3 Nd7 8.h3 Ne7 9.Qd2 b6
10.Ne2 c5 11.c3 e5 12.O-O-O Bb7 13.Ng3 exd4 14.cxd4 c4 15.Bc2 Qc7 16.Kb1 O-O-O
17.Rhe1 Kb8 18.Rc1 Ka8 19.Ne2 b5 20.Bf4 g5 21.Bh2 Qb6 22.Nc3 Rhe8 23.Rcd1 d5
24.a3 a5 25.Nxd5 Nxd5 26.exd5 Bxd5 27.Rxe8 Rxe8 28.Re1 Rd8 29.Bf5 b4 30.axb4 axb4
31.Bxd7 Rxd7 32.Re8+ Ka7 33.Rb8 c3 34.Qc2 Qa5 35.bxc3 bxc3 36.Kc1 Bxf3 37.gxf3 Rxd4
38.Rb3 Ra4 39.Bb8+ Ka8 40.Rb1 Bf8  0-1

[Event "Open NK"]
[Site "Dieren NED"]
[Date "2007.08.01"]
[Round "8"]
[White "Kleijn,C"]
[Black "Kabanof,N"]
[Result "1-0"]
[WhiteElo "2194"]
[BlackElo "2282"]

1.e4 g6 2.d4 d6 3.Nc3 Bg7 4.Be3 a6 5.f4 b5 6.Bd3 Nd7 7.e5 Bb7 8.Nf3 e6 9.Qd2 Ne7
10.a4 Bxf3 11.gxf3 b4 12.Ne4 Nf5 13.Bf2 Qb8 14.a5 O-O 15.Ra4 c5 16.dxc5 dxe5
17.c6 Nf6 18.Nxf6+ Bxf6 19.Rxb4 Qd6 20.Bxf5 Qxd2+ 21.Kxd2 exf5 22.fxe5 Bxe5
23.Bb6 Rac8 24.f4 Bg7 25.c7 Rfe8 26.Re1 Re4 27.Rexe4 fxe4 28.Rxe4 Bxb2 29.c3 Ba3
30.Rd4 Be7 31.Rd8+  1-0